00403nam a2200145 a 45000010005000000030005000050050017000100080041000270400020000681100024000882450070001122600041001823000010002236100024002331222CDMR20131118125851.0130130s1903||||||||||||||||||||||||||||d aCDMRbcatcCDMR2 aLa Veu de Catalunya10aEstatuts reformats de la Societat Anò€nima "La Veu de Catalunya" aBarcelonac1903bLa Veu de Catalunya a15 p.2 aLa Veu de Catalunya